LEADER 01489nam 2200397 n 450 001 996389563403316 005 20221108100034.0 035 $a(CKB)1000000000646889 035 $a(EEBO)2240861324 035 $a(UnM)9928077400971 035 $a(UnM)99829363 035 $a(EXLCZ)991000000000646889 100 $a19950602d1665 uy | 101 0 $aeng 135 $aurbn||||a|bb| 200 14$aThe meanes of preventing, and preserving from, and curing of the most contagious disease, called the plague$b[electronic resource] $ewith the pestilential feaver, and the fearfull symptomes, and accidents, incident thereunto. Also some prayers, and meditations upon death 210 $aLondon $cprinted for H. Million, at the Half Moon in the Old Bayley$d1665 215 $a[4], 20 300 $a"The epistle to the reader" is signed: M.R. 300 $aReproduction of the original in the British Library. 330 $aeebo-0018 606 $aPlague$xPrevention$vEarly works to 1800 606 $aMeditations$vEarly works to 1800 606 $aPrayer$vEarly works to 1800 615 0$aPlague$xPrevention 615 0$aMeditations 615 0$aPrayer 700 $aM. R$01002291 801 0$bCu-RivES 801 1$bCu-RivES 801 2$bCStRLIN 801 2$bWaOLN 906 $aBOOK 912 $a996389563403316 996 $aThe meanes of preventing, and preserving from, and curing of the most contagious disease, called the plague$92337939 997 $aUNISA LEADER 01407nas 2200469- 450 001 996214017203316 005 20230824213017.0 035 $a(DE-599)ZDB2221872-5 035 $a(OCoLC)607371088 035 $a(CKB)110978977118218 035 $a(CONSER)--2019234074 035 $a(EXLCZ)99110978977118218 100 $a20100414a19249999 --- a 101 0 $aeng 135 $aurbn||||||abp 135 $aurbn||||||ada 181 $ctxt$2rdacontent 182 $cc$2rdamedia 183 $acr$2rdacarrier 200 00$aAsia major 210 1$aLipsiae [Leipzig] :$cAsia major,$d1924- 210 21$aLondon :$cTaylor's Foreign Press 210 21$aPrinceton, N.J. :$cPrinceton University Press 210 31$aTaiwan :$cInstitute of History and Philology of the Academia Sinica 215 $a1 online resource 311 $a0004-4482 531 $aASIA MAJOR A JOURNAL OF FAR EASTERN STUDIES 607 $aEast Asia$vPeriodicals 607 $aAsia, Central$vPeriodicals 607 $aChina$vPeriodicals 607 $aAsie centrale$vPériodiques 607 $aCentral Asia$2fast 607 $aChina$2fast 607 $aEast Asia$2fast 608 $aCzasopismo spoleczno-polityczne.$2dbn 608 $aPeriodicals.$2fast 608 $aPeriodicals.$2lcgft 676 $a950.05 906 $aJOURNAL 912 $a996214017203316 996 $aASIA Major$9631683 997 $aUNISA